El alma y las formas :

محفوظ في:
التفاصيل البيبلوغرافية
المؤلف الرئيسي: Luckacs, Georg, 1885-1971
التنسيق: غير معروف
منشور في: España : [editor no identificado], 1975.
الموضوعات:
الوسوم: إضافة وسم
لا توجد وسوم, كن أول من يضع وسما على هذه التسجيلة!

MARC

LEADER 000000000a22000000004500
001 002858
082 0 4 |a 801.95   |b L954a 
100 1 |a Luckacs, Georg,   |d 1885-1971 
245 1 3 |a El alma y las formas :   |d la teoría de la novela /   |c Georg Luckács. 
260 1 |a España : [editor no identificado],   |c 1975. 
300 |a 420 páginas 
650 4 |a LITERATURA MODERNA 
650 4 |a HISTORIA Y CRITICA 
999 |c 9201  |d 9201 
942 |c BK  |h 801.95 L954a  |2 z